| 000 | 00456nam a22001337a 4500 | ||
|---|---|---|---|
| 008 | 160111b xxu||||| |||| 00| 0 eng d | ||
| 082 |
_a621.31244 _bPHO 2015 |
||
| 100 | _aWehrspohn, Ralf B. | ||
| 245 |
_aPhoton management in solar cells. _cWehrspohn, Ralf B. Edited by Wehrspohn, Ralf B.; Gombert, Andreas; Rau, U. |
||
| 260 |
_aWeinheim: _bWiyely, _cc2015 |
||
| 300 |
_axxi, 353p. : _bill. : _c25cm. |
||
| 650 |
_aPhotonics _vSolar cells |
||
| 942 |
_2ddc _cBK |
||
| 999 |
_c355931 _d355931 |
||